01174nam a2200277Ia 4500001001200000003000800012006001900020007001500039008004100054020001800095040002100113035002100134050002200155245016700177260006300344300001600407504004100423533015200464650002100616650003300637655002900670700003500699710001700734856012600751999001900877ebr10201115CaPaEBRm u cr cn|||||||||060303s2007 dcu sb 000 0 spa d z9781597820462 aCaPaEBRcCaPaEBR a(OCoLC)29879037414aHN18b.E68 2007eb00aEntre el diseno y la evaluacionh[electronic resource] :bel papel crucial de la implementacion de los programas sociales /cJuan Carlos Cortazar Velarde, editor. aWashington, DC :bInter-American Development Bank,cc2007. axii, 323 p. aIncludes bibliographical references. aElectronic reproduction.bPalo Alto, Calif. :cebrary,d2009.nAvailable via World Wide Web.nAccess may be limited to ebrary affiliated libraries. 0aSocial planning. 0aSocial planningxEvaluation. 7aElectronic books.2local1 aVelarde, Juan Carlos Cortazar.2 aebrary, Inc.40uhttp://site.ebrary.com/lib/rucke/Doc?id=10201115zAn electronic book accessible through the World Wide Web; click to view c119997d119997